000 00204nam a2200097Ia 4500
005 20251222114340.0
008 251222s1900||||xx |||||||||||||| ||spa||
082 _aDVD0070/G65
245 0 _aBabel:
942 _cDVD
999 _c808
_d808